1295 1361 1413 1226 1671 1378 1058 1223 1763 1270 1480 1860 1367 1362 1407 1489 1114 1576 1271 1286 1665 1006 1107 1316 1048 1634 1572 1823 1864 1152 1628 1974 1493 1270 1351 1707 1220 1740 1944 1197 1643 1521 1323 1153 1528 1458 1948 1899 1981 1204 1726 1346 1625 1274 1141 1560 1301 2000 1424 1812 1458 1108 1700 1847 1175 1011 1963 1848 1443 1155 1593 1370 1797 1519 1522 1172 1599 1386 1287 1980 1284 1364 1348 1834 1333 1377 1704 1820 1116 1720 1669 1618 1173 1567 1237 1924 1538 1767 1499 BCNSPRNW ULIB Ver.6.0+V

เปลี่ยนเป็นภาษาไทย

Change to English
 แสดงรายละเอียดบรรณานุกรม
  กลับหน้าหลัก

Brief Record : Get Marc (ISO 2709) : E-mail record : QR code < ปิดหน้าต่าง
LEADER : 00000nam 2200000uu 4500
001    13399111401
003     ULIB
008    110623s||||||||th 000 0 tha d
020    9789741648030
050  4 BQ860^bพ411พ 2551
100 0  พระสมบัติ รกขิตจิตโต
245 10 พุทธประวัติ /^cพระสมบัติ รกขิตจิตโต
250    พิมพ์ครั้งที่ 1
260    กรุงเทพฯ :^bเอส เอ็ม เค พริ้นติ้ง,^c2552
300    143 หน้า :^bภาพประกอบสี
650  7 พระพุทธเจ้า^vชีวประวัติ
945    ^p0^l0^i025754
995    ทศพร
999 ^a ใช้งานได้ทุกระบบ
รายการนี้ยังไม่มีแท็ก
คุณยังไม่ได้ล็อกอิน คุณสามารถมีกิจกรรมร่วมกับเว็บไซต์ได้ แต่ต้องล็อกอินก่อน ::
  ล็อกอิน

รายการสื่อสารสนเทศ

ลำดับที่ ประเภท เลขเรียก/บาร์โค้ด สถานที่ สถานะ
- ไม่พบข้อมูล -

BibComment


ยังไม่เคยถูกคอมเมนท์

คอมเมนท์ทรัพยากรรายการนี้
  คอมเมนท์: พุทธประวัติ พระส..


 Copyright 2026. Bcnsprnw @Library